[Event "Ch Hungary (team) 1996/97 (2 liga)"]
[Site "masterchessopen.com - Hungary"]
[Round "4"]
[White "Gyarmati Peter (HUN)"]
[Black "Banhazi Istvan (HUN)"]
[Result "0-1"]
[WhiteElo "2128"]
[BlackElo "2095"]

1.Nf3 Nf6 2.d4 d6 3.c4 g6 4.Nc3 Bg7 5.e4 O-O 6.Be2 c5 7.d5 e6 8.O-O exd5
9.cxd5 a6 10.a4 Bg4 11.h3 Bxf3 12.Bxf3 Nbd7 13.Bf4 Qe7 14.Qc2 Ne5 15.Bxe5 Qxe5
16.g3 Rab8 17.Bg2 b5 18.axb5 axb5 19.f4 Qd4+ 20.Kh2 Ne8 21.Rfd1 Qb4 22.Re1 h5
23.e5 h4 24.Re4 hxg3+ 25.Kxg3 c4 26.h4 f5 27.Ree1 Qc5 28.Qf2 Qc7 29.Ra7 Qc8
30.exd6 Nxd6 31.Re6 Rf6 32.Qd4 Qf8 33.Qe5 Rf7 34.Rxf7 Nxf7 35.Qc7 b4 36.Na4
Rc8 37.Qb7 c3 38.bxc3 bxc3 39.Rc6 Rxc6 40.Qxc6 Qe7 41.Nxc3 Qe1+ 42.Kh3 Qe3+
43.Kh2 Qxf4+ 44.Kg1 Bd4+ {#R} 0-1

[Event "It"]
[Site "masterchessopen.com - Ischia (Italy)"]
[Round "0"]
[White "Levitt Jonathan (ENG)"]
[Black "Mantovani Renzo (ITA)"]
[Result "1/2-1/2"]
[WhiteElo "2435"]
[BlackElo "2360"]

1.d4 Nf6 2.c4 c5 3.d5 g6 4.Nc3 Bg7 5.e4 O-O 6.Nf3 d6 7.Be2 e6 8.O-O exd5
9.cxd5 a6 10.a4 Bg4 11.Nd2 Bxe2 12.Qxe2 Nbd7 13.a5 Qe7 14.Nc4 Ne8 15.Bf4 Ne5
16.Nxe5 Bxe5 17.Bxe5 Qxe5 18.f4 Qe7 19.e5 f5 20.Rfe1 Rd8 21.Qc4 Ng7 22.Na4
Rfe8 23.Nb6 g5 24.exd6 Qxd6 25.fxg5 f4 26.Rf1 Rf8 27.Ra3 Nf5 28.Rh3 Ne3 29.Qe4
Qg6 30.Qxg6+ hxg6 31.Rxf4 Rxf4 32.Rxe3 Rb4 33.b3 Rb5 34.h4 Rxa5 35.Re6 Kf7
36.Rf6+ Kg7 37.d6 Ra1+ 38.Kh2 Rd1 39.d7 Rd4 40.g3 {#d} 1/2-1/2

[Event "It (open)"]
[Site "masterchessopen.com - Las Vegas (USA)"]
[Round "0"]
[White "Henley Ron W (USA)"]
[Black "Maki James (USA)"]
[Result "1/2-1/2"]
[WhiteElo "2465"]
[BlackElo "2275"]

1.d4 Nf6 2.c4 e6 3.Nf3 c5 4.d5 exd5 5.cxd5 d6 6.Nc3 g6 7.e4 Bg7 8.Be2 O-O
9.O-O a6 10.a4 Bg4 11.h3 Bxf3 12.Bxf3 Nbd7 13.Re1 Qe7 14.Bg5 h6 15.Bf4 Ne8
16.Qc2 Nc7 17.Be2 b6 18.Bf1 Rab8 19.Qd2 g5 20.Bh2 Qf6 21.Nd1 Rfe8 22.Kh1 Rb7
23.f3 b5 24.axb5 axb5 25.Rb1 Ne5 26.Ne3 Ra7 27.Nf5 Ra4 28.b4 c4 29.Qd4 Ra6
30.Re3 Kh7 31.Qd1 Ng6 32.Bg1 Bf8 33.Re2 Nf4 34.Rd2 Qg6 35.Bh2 Re5 36.Nd4 Bg7
37.g3 Nh5 38.g4 Nf4 39.h4 Re8 40.Nf5 Be5 41.hxg5 Qxg5 42.Bg3 Ng6 43.Bxe5 Nxe5
44.Rh2 Rh8 45.Rxh6+ Kg8 46.Rxh8+ Kxh8 47.Rb2 Qf4 48.Be2 {#d} 1/2-1/2

[Event "Ch World (juniors) (under 20)"]
[Site "masterchessopen.com - Medellin (Colombia)"]
[Round "11"]
[White "Guthrie David (NZL)"]
[Black "Ginzburg Maximiliano (ARG)"]
[Result "1-0"]
[WhiteElo "2100"]
[BlackElo "2425"]

1.d4 Nf6 2.Nf3 c5 3.d5 e6 4.c4 exd5 5.cxd5 d6 6.Nc3 g6 7.e4 Bg7 8.Be2 O-O
9.O-O a6 10.a4 Bg4 11.h3 Bxf3 12.Bxf3 Nbd7 13.Qc2 Re8 14.Bd2 c4 15.a5 Nc5
16.Bg5 Nb3 17.Rae1 Qxa5 18.Qd1 Nd7 19.Bg4 Ndc5 20.f4 Nd3 21.e5 dxe5 22.f5 Nxe1
23.Qxe1 e4 24.Qh4 Qc5+ 25.Kh1 e3 26.f6 Bf8 27.Be6 h5 28.Qg3 Bd6 29.Bf4 Bxf4
30.Qxg6+ {#r} 1-0

[Event "Ch Yugoslavia (open)"]
[Site "masterchessopen.com - Nis (Yugoslavia)"]
[Round "10"]
[White "Maksimovic Branimir (SRB)"]
[Black "Vaulin Alexander (RUS)"]
[Result "1/2-1/2"]
[WhiteElo "2395"]
[BlackElo "2485"]

1.d4 Nf6 2.c4 c5 3.d5 g6 4.Nc3 Bg7 5.e4 d6 6.Be2 e6 7.Nf3 exd5 8.cxd5 O-O
9.O-O a6 10.a4 Bg4 11.Nd2 {#d} 1/2-1/2

[Event "Zt"]
[Site "masterchessopen.com - Santiago (Chile)"]
[Round "0"]
[White "Valenzuela Fuentealba Luis (CHI)"]
[Black "Barria Daniel (CHI)"]
[Result "1/2-1/2"]
[WhiteElo "2305"]
[BlackElo "2380"]

1.d4 Nf6 2.c4 g6 3.Nc3 Bg7 4.e4 d6 5.Nf3 O-O 6.Be2 c5 7.d5 e6 8.O-O exd5
9.cxd5 a6 10.a4 Bg4 11.Bf4 Bxf3 12.Bxf3 Qe7 13.Re1 Nbd7 14.e5 Nxe5 15.Bxe5
dxe5 16.d6 Qe6 17.Qe2 {#d} 1/2-1/2

[Event "Zt"]
[Site "masterchessopen.com - Santiago (Chile)"]
[Round "0"]
[White "Valenzuela Fuentealba Luis (CHI)"]
[Black "Vasquez Rodrigo (CHI)"]
[Result "0-1"]
[WhiteElo "2305"]
[BlackElo "2505"]

1.d4 Nf6 2.c4 c5 3.d5 d6 4.Nc3 g6 5.e4 Bg7 6.Nf3 O-O 7.Be2 e6 8.O-O exd5
9.cxd5 a6 10.a4 Bg4 11.Bf4 Bxf3 12.Bxf3 Qe7 13.Re1 Nbd7 14.Qd2 Rfb8 15.Be2 Ne8
16.Bg5 Qf8 17.Bf1 Nc7 18.f3 b6 19.Be3 Rb7 20.Rab1 b5 21.axb5 Nxb5 22.Ra1 Qb8
23.Ra2 Nd4 24.Rb1 Rb3 25.Kh1 Nxf3 26.gxf3 Bxc3 27.Qf2 a5 {#R} 0-1

[Event "Ch Switzerland (team)"]
[Site "masterchessopen.com - Switzerland"]
[Round "1"]
[White "Sutter Oliver (SUI)"]
[Black "Mantovani Renzo (ITA)"]
[Result "1-0"]
[WhiteElo "2335"]
[BlackElo "2360"]

1.d4 Nf6 2.c4 c5 3.d5 g6 4.Nc3 Bg7 5.e4 O-O 6.Nf3 d6 7.Be2 a6 8.a4 e6 9.O-O
exd5 10.cxd5 Bg4 11.Bf4 Bxf3 12.Bxf3 Qe7 13.Re1 Nbd7 14.a5 Ne8 15.Qd2 Nc7
16.Be2 Rfe8 17.Bf1 Rab8 18.Bg3 b5 19.e5 b4 20.exd6 bxc3 21.bxc3 Qf8 22.dxc7
Ra8 23.Rxe8 Qxe8 24.Re1 Qc8 25.d6 Qb7 26.Re7 Qc6 27.Bc4 Rf8 28.Qd5 {#r} 1-0

[Event "It (open)"]
[Site "masterchessopen.com - Ubeda (Spain)"]
[Round "5"]
[White "Babu N Sudhakar (IND)"]
[Black "Marin Mihail (ROM)"]
[Result "0-1"]
[WhiteElo "2415"]
[BlackElo "2530"]

1.d4 Nf6 2.c4 e6 3.Nf3 c5 4.d5 d6 5.Nc3 exd5 6.cxd5 g6 7.e4 a6 8.a4 Bg4 9.Be2
Bg7 10.O-O O-O 11.h3 Bxf3 12.Bxf3 Nbd7 13.Qc2 Re8 14.Be2 Rc8 15.Bf4 Qe7 16.Bf3
c4 17.b4 cxb3 18.Qxb3 Rxc3 19.Qxc3 Nxd5 20.Qd2 Nxf4 21.Rab1 Be5 22.Rxb7 Qg5
23.Rd1 Nc5 24.Ra7 Nxh3+ 25.Kf1 Qf6 {#R} 0-1

[Event "Memorial C.Schlechter"]
[Site "masterchessopen.com - Vienna (Austria)"]
[Round "2"]
[White "Kummer Helmut (AUT)"]
[Black "Lau Ralf (GER)"]
[Result "1/2-1/2"]
[WhiteElo "2300"]
[BlackElo "2510"]

1.d4 Nf6 2.c4 c5 3.d5 e6 4.Nc3 exd5 5.cxd5 d6 6.e4 g6 7.Nf3 Bg7 8.Be2 a6 9.a4
Bg4 10.O-O O-O 11.Bf4 Bxf3 12.Bxf3 Qe7 13.Qb3 Qc7 14.Rad1 Nbd7 15.Rfe1 Ne8
16.h3 Rb8 17.Be2 Nef6 18.Bh2 Rfe8 19.Bf1 g5 20.Qc2 h6 21.Bc4 Ne5 {#d} 1/2-1/2

[Event "It (open) \"]
[Site "masterchessopen.com - Berlin (Germany)"]
[Round "4"]
[White "Lieb Harald (GER)"]
[Black "Wedberg Tom (SWE)"]
[Result "0-1"]
[WhiteElo "2245"]
[BlackElo "2485"]

1.d4 Nf6 2.c4 e6 3.Nf3 c5 4.d5 d6 5.Nc3 exd5 6.cxd5 g6 7.e4 Bg7 8.Be2 O-O
9.O-O a6 10.a4 Bg4 11.Nd2 Bxe2 12.Qxe2 Nbd7 13.Nc4 Nb6 14.Nxb6 Qxb6 15.Be3
Rae8 16.f3 Nd7 17.a5 Qc7 18.Qc2 f5 19.Bf2 f4 20.Ne2 Rc8 21.Qd2 g5 22.Rfc1 b5
23.axb6 Qxb6 24.Ra2 Ra8 25.Rc4 Rfb8 26.h4 h6 27.Rc2 Ne5 28.Nc1 a5 29.b3 Rf8
30.hxg5 hxg5 31.Qe2 g4 32.fxg4 f3 33.gxf3 Nxf3+ 34.Kg2 Qd8 35.Qd3 Qg5 36.Ne2
Qxg4+ 37.Ng3 Nh4+ 38.Kf1 Rf3 {#R} 0-1

[Event "Memorial Elekes (b)"]
[Site "masterchessopen.com - Budapest (Hungary)"]
[Round "2"]
[White "Izsak Gyula (HUN)"]
[Black "Somogyi Istvan (HUN)"]
[Result "1-0"]
[WhiteElo "2405"]
[BlackElo "2265"]

1.d4 Nf6 2.c4 e6 3.Nf3 c5 4.d5 exd5 5.cxd5 d6 6.Nc3 g6 7.e4 Bg7 8.Be2 O-O
9.O-O a6 10.a4 Bg4 11.Nd2 Bxe2 12.Qxe2 Re8 13.Nc4 Qe7 14.Bf4 Rd8 15.Bxd6 Rxd6
16.Nxd6 Qxd6 17.e5 Qd8 18.exf6 Bxf6 19.Rad1 Nd7 20.d6 Bg7 21.Rfe1 Ne5 22.d7
Nxd7 23.Rd6 Bf8 24.Rd5 Qc7 25.Ne4 Nb6 26.Rdd1 Kh8 27.a5 Nd7 28.Qc4 Ne5 29.Qc3
Bg7 30.Qxc5 Qxc5 31.Nxc5 Nc6 32.Nxb7 Bxb2 33.Rb1 Bd4 34.Rec1 Ne5 35.Rd1 Bc3
36.Rb3 Rb8 37.h3 {#r} 1-0

[Event "Ch World (juniors) (under 10)"]
[Site "masterchessopen.com - Cannes (France)"]
[Round "10"]
[White "Bellaiche Anthony (FRA)"]
[Black "Valeanu Eduard-Andrei (ROM)"]
[Result "1-0"]
[WhiteElo "2496"]
[BlackElo "2477"]

1.d4 Nf6 2.c4 c5 3.Nf3 g6 4.d5 d6 5.Nc3 Bg7 6.e4 O-O 7.Be2 e6 8.O-O exd5
9.cxd5 a6 10.a4 Bg4 11.Nd2 Bxe2 12.Qxe2 Nbd7 13.a5 Re8 14.Nc4 Qc7 15.Bf4 Ne5
16.Bxe5 dxe5 17.Rfd1 Rad8 18.Rac1 Bf8 19.Nb6 Bd6 20.Nca4 Qe7 21.Qe3 Ng4 22.Qf3
Nf6 23.Rc4 Nd7 24.Rdc1 Nxb6 25.Nxb6 Qg5 26.Na4 Rc8 27.b4 Rc7 28.bxc5 Rec8
29.Nb6 Rxc5 30.h4 Qxc1+ 31.Rxc1 Rxc1+ 32.Kh2 Rd8 33.Qf6 Bc7 34.Qe7 Bxb6
35.axb6 Rb8 36.Qc7 Rc8 37.d6 R8xc7 38.bxc7 Kf8 39.d7 Rb1 40.c8=Q+ Kg7 41.d8=Q
Kh6 42.Qf8+ Kh5 43.g4+ Kxh4 44.Qh6# 1-0

[Event "It (open)"]
[Site "masterchessopen.com - Dieren (Netherlands)"]
[Round "0"]
[White "Van Dongen Rob (NED)"]
[Black "Van Baarle C John (NED)"]
[Result "0-1"]
[WhiteElo "1978"]
[BlackElo "2305"]

1.d4 Nf6 2.c4 e6 3.Nc3 c5 4.d5 exd5 5.cxd5 d6 6.e4 g6 7.Nf3 Bg7 8.Be2 O-O
9.O-O a6 10.a4 Bg4 11.Nd2 Bxe2 12.Qxe2 Nbd7 13.Nc4 Nb6 14.Kh1 Re8 15.Nxb6 Qxb6
16.a5 Qc7 17.f3 Rac8 18.Be3 Nd7 19.Qd2 Ne5 20.Ra4 c4 21.Bb6 Qe7 22.Ne2 Nd3
23.Bd4 Nc5 24.Ra3 Nb3 25.Qc3 Nxd4 26.Nxd4 Be5 27.Qd2 Qf6 28.Rd1 Qh4 29.g4 h5
30.gxh5 Qxh5 31.Qg2 Qh8 32.Nf5 Kf8 33.f4 Bxb2 34.Rh3 Qf6 35.Nxd6 Qxd6 36.Qxb2
c3 37.Qc1 Kg8 38.e5 Qb4 39.f5 c2 40.Re1 Qxe1+ {#R} 0-1

[Event "Bayern Regionalliga Southeast"]
[Site "masterchessopen.com - Germany"]
[Round "7"]
[White "Kallap Kurt"]
[Black "Kislinger Georg"]
[Result "0-1"]
[WhiteElo "1985"]
[BlackElo "2040"]

1.d4 Nf6 2.Nf3 c5 3.d5 g6 4.c4 Bg7 5.Nc3 O-O 6.e4 d6 7.Be2 e6 8.O-O exd5
9.cxd5 a6 10.a4 Bg4 11.h3 Bxf3 12.Bxf3 Nbd7 13.Be2 Qe7 14.Bf4 Rfe8 15.Re1 h5
16.Qd2 Nh7 17.Bh2 Bd4 18.Bf1 Qf6 19.Ra3 Ne5 20.Nd1 Rab8 21.Kh1 g5 22.Ne3 Bxe3
23.Raxe3 b5 24.axb5 axb5 25.Ra3 Nc4 26.Bxc4 bxc4 27.Rc3 Rb4 28.f4 Qd4 29.Qxd4
cxd4 30.Rc2 d3 31.Rd2 Nf6 32.fxg5 Rxe4 33.Bxd6 Rxe1+ 34.Kh2 Rb5 35.gxf6 Rxd5
36.Be7 Re2 37.Rd1 Rxb2 38.Ra1 Rb8 39.Ra4 d2 40.Rxc4 d1=Q 41.Rc3 Rd3 42.Rc4
Rxh3+ 43.gxh3 Qe2+ 44.Kg3 Rb3+ 45.Kh4 {#R} 0-1

[Event "It (open)"]
[Site "masterchessopen.com - Haarlem (Netherlands)"]
[Round "3"]
[White "De Rover Yong Hoon (NED)"]
[Black "Veerman Henk"]
[Result "1/2-1/2"]
[WhiteElo "2264"]
[BlackElo "1685"]

1.d4 Nf6 2.c4 c5 3.d5 e6 4.Nc3 exd5 5.cxd5 d6 6.e4 g6 7.Nf3 a6 8.a4 Bg4 9.Be2
Bg7 10.O-O O-O 11.Bf4 Re8 12.h3 Bxf3 13.Bxf3 Qc7 14.Re1 Nbd7 15.Bh2 c4 16.Qe2
Ne5 17.Bxe5 Rxe5 18.g3 Rae8 19.a5 Nxd5 20.Nxd5 Rxd5 21.exd5 Rxe2 22.Rxe2 c3
23.Re8+ Bf8 24.bxc3 Qxc3 25.Rb1 Qxf3 26.Rxb7 Qd1+ 27.Kh2 Qf3 28.Kg1 Qd1+ {#d}
1/2-1/2

[Event "Ch Hamburg (open)"]
[Site "masterchessopen.com - Hamburg (Germany)"]
[Round "7"]
[White "Dankert Peter (GER)"]
[Black "Voigt Martin (GER)"]
[Result "1-0"]
[WhiteElo "2265"]
[BlackElo "2265"]

1.d4 Nf6 2.c4 c5 3.d5 e6 4.Nc3 exd5 5.cxd5 d6 6.e4 g6 7.Nf3 a6 8.a4 Bg4 9.Be2
Bg7 10.O-O O-O 11.h3 Bxf3 12.Bxf3 Nbd7 13.Bf4 Qe7 14.Re1 Ne8 15.a5 Rb8 16.Qd2
b5 17.axb6 Rxb6 18.Bg5 Qe5 19.Bd8 Rb7 20.Be2 Nef6 21.Bxa6 Ra7 22.f4 Qh5
23.Bxf6 Nxf6 24.Be2 Rxa1 25.Bxh5 Rxe1+ 26.Qxe1 Nxh5 27.g3 Bd4+ 28.Kg2 Rb8
29.Qe2 Nf6 30.Kf3 Re8 31.Qd3 h5 32.g4 hxg4+ 33.hxg4 g5 34.Nb5 Rxe4 35.Qxe4
Nxe4 36.Kxe4 Bxb2 37.Nxd6 gxf4 38.Kxf4 Kf8 39.Nc4 Bd4 40.d6 Bf6 41.Ke4 Kg7
42.Ne5 Bd8 43.Kd5 f6 44.Nf3 Kf7 45.Kxc5 Ke6 46.Nd4+ Kd7 47.Kd5 Ba5 48.Ne6 Bb4
49.Nc5+ Ke8 50.Kc6 Kf7 51.d7 {#r} 1-0

[Event "Ch Czech Republic (juniors) (under 16) (g)"]
[Site "masterchessopen.com - Hradec Kralove (Czech Republic)"]
[Round "2"]
[White "Cedikova Katerina (CZE)"]
[Black "Decka Eliska (CZE)"]
[Result "1/2-1/2"]
[WhiteElo "2212"]
[BlackElo "2069"]

1.d4 Nf6 2.Nf3 c5 3.d5 e6 4.c4 exd5 5.cxd5 d6 6.Nc3 g6 7.e4 Bg7 8.Be2 O-O
9.O-O a6 10.a4 Bg4 11.Bf4 Bxf3 12.Bxf3 Re8 13.Qd2 Qc7 14.Rac1 Nbd7 15.Rfe1
Rab8 16.Bd1 Ne5 17.Be2 Nfd7 18.Bf1 Qa5 19.Qc2 Rec8 20.Bd2 Qd8 21.h3 Nb6 22.Nd1
Na8 23.f4 Nd7 24.Bc3 Bd4+ 25.Bxd4 cxd4 26.Qd2 Rxc1 27.Qxc1 Qa5 28.Nf2 Nab6
29.Rd1 Nc5 30.f5 Nbd7 31.h4 Nf6 32.Qf4 Qd8 33.Rxd4 Qe7 34.g4 Re8 35.Bg2 Qe5
36.Qxe5 Rxe5 37.Kh2 Nfd7 38.Kg3 Kf8 39.Kf4 Nb6 40.a5 Nbd7 41.Bf3 Re8 42.b4 Na4
43.Rc4 Ne5 44.Rc7 Re7 45.Rc8+ Re8 46.Rc7 Re7 47.Rc8+ Re8 48.Rc2 f6 49.Bd1 b5
50.axb6 Nxb6 51.Be2 Ra8 52.Ra2 Nec4 53.Nd1 a5 54.bxa5 Rxa5 55.Bxc4 Nxc4
56.Rxa5 Nxa5 57.Nc3 Kf7 58.Nb5 Nc4 59.Nc7 Ke7 60.Ne6 Kf7 61.g5 Ke7 62.Kg4 Ne5+
63.Kf4 Nc4 64.Kg4 {#d} 1/2-1/2

[Event "It (open)"]
[Site "masterchessopen.com - Leon (Spain)"]
[Round "2"]
[White "Garcia Jose Luis (ESP)"]
[Black "Strikovic Aleksa (SRB)"]
[Result "1/2-1/2"]
[WhiteElo "2078"]
[BlackElo "2560"]

1.d4 g6 2.c4 Bg7 3.Nc3 d6 4.Nf3 Nf6 5.e4 O-O 6.Be2 c5 7.d5 e6 8.O-O exd5
9.cxd5 a6 10.a4 Bg4 11.Nd2 Bxe2 12.Qxe2 Nbd7 13.Nc4 Nb6 14.Na3 Re8 15.Qc2 Qe7
16.f3 Nh5 17.Bd2 f5 18.a5 Bd4+ 19.Kh1 Nd7 20.Nc4 Ne5 21.Nb6 Rad8 22.exf5 Qf7
23.Bg5 gxf5 24.Ne2 Rb8 25.Qd2 Qg7 26.Nxd4 cxd4 27.Bh4 d3 28.Bf2 f4 29.Ra4 Qg6
30.Re1 Kh8 31.Bd4 Kg8 32.Bxe5 Rxe5 33.Rxe5 dxe5 34.Re4 Re8 35.Nc4 Nf6 36.Rxe5
Kg7 37.Kg1 Rxe5 38.Nxe5 Qf5 39.Nxd3 Nxd5 40.Kf2 Qf6 41.Nc5 Ne3 42.Qd7+ Kg6
43.Qxb7 Qh4+ 44.Ke2 Qxh2 45.Qe4+ Kf7 46.Qe6+ Kg7 {#d} 1/2-1/2

[Event "Match"]
[Site "masterchessopen.com - Leon (Spain)"]
[Round "3"]
[White "Anand Viswanathan (IND)"]
[Black "Illescas Cordoba Miguel (ESP)"]
[Result "1-0"]
[WhiteElo "2765"]
[BlackElo "2585"]

1.d4 Nf6 2.Nf3 e6 3.c4 c5 4.d5 exd5 5.cxd5 d6 6.Nc3 g6 7.e4 Bg7 8.Be2 O-O
9.O-O a6 10.a4 Bg4 11.Bf4 Qe7 12.Nd2 Bxe2 13.Qxe2 Nh5 14.Be3 Nd7 15.Rae1 b5 {
!? a novelty 15... ?d4 - Akesson - C. Hansen, Copenhagen 1996 } ( 15...Bd4
16.g4 Bxe3 17.Qxe3 Nhf6 18.h3 b5 { ! } 19.axb5 axb5 20.Nxb5 Rfb8 21.Na3 Rxb2
22.Nac4 { 1/2 : 1/2 } ) 16.axb5 axb5 17.Nxb5 Rfb8 ( 17...Bxb2 { ? } 18.Nc4 { ±
} ) 18.Rb1 { ! } 18...Ra2 { ? } ( { ? } 18...Ra4 ) 19.b4 cxb4 ( 19...f5
20.exf5 { ! } 20...Rxd2 21.Qxd2 Rxb5 22.fxg6 hxg6 23.bxc5 Rxb1 24.Rxb1 { ± } )
20.Rxb4 Rc2 21.Qd1 Rc7 22.Rb3 Rcb7 23.Nd4 Rxb3 24.N4xb3 Qh4 25.Nd4 Ne5 26.N4f3
Nxf3+ 27.Qxf3 Re8 28.Rc1 { ! } 28...Nf6 29.h3 Nd7 30.Rc7 Ne5 31.Qd1 h5 ( { ? }
31...Ra8 32.Qc1 Qd8 ) 32.Qc2 { ! } 32...Ra8 33.Rc8+ Rxc8 34.Qxc8+ Kh7 35.g3
Qf6 ( { ? } 35...Qe7 ) 36.Kg2 h4 37.f4 { ! } 37...Nd3 38.e5 { ! } 38...dxe5
39.Ne4 Qf5 40.Ng5+ Kh6 41.Qg8 Nxf4+ 42.gxf4 Qc2+ 43.Bf2 { } {#r} 1-0

[Event "Ch Moscow (w)"]
[Site "masterchessopen.com - Moscow (Russia)"]
[Round "1"]
[White "Zhurina Elizaveta (RUS)"]
[Black "Chasovnikova Eugenia (RUS)"]
[Result "1-0"]
[WhiteElo "2235"]
[BlackElo "2260"]

1.d4 Nf6 2.Nf3 c5 3.d5 e6 4.c4 exd5 5.cxd5 d6 6.Nc3 g6 7.e4 a6 8.a4 Bg4 9.Be2
Bg7 10.O-O O-O 11.h3 Bxf3 12.Bxf3 Nbd7 13.Re1 Qe7 14.Bf4 Ne8 15.Qd2 Nc7 16.Be2
Rfb8 17.Bf1 b5 18.axb5 axb5 19.Rxa8 Rxa8 20.Nxb5 Nxb5 21.Bxb5 Rb8 22.Qe2 Bd4
23.b3 Qf6 24.Bg3 Ne5 25.Rf1 h5 26.Kh1 h4 27.Bh2 Qe7 28.f4 Nd7 29.Qd3 Nf6 30.e5
Nxd5 31.exd6 Qf6 32.d7 Rd8 33.Re1 Kg7 34.Qf3 Nc7 35.Ba4 Be3 36.Re2 Qf5 37.Qe4
Ne6 38.Bg1 Qf6 39.Rc2 Bd4 40.Bxd4 cxd4 41.Rc8 d3 42.Qxd3 Nxf4 43.Qc3 Qxc3
44.Rxc3 Ne6 45.Rc8 Kf6 46.Kg1 Ke7 47.Kf2 g5 48.Rc3 f5 49.Ke3 Nf4 50.Rc2 Ne6
51.b4 g4 52.Bc6 f4+ 53.Ke4 gxh3 54.gxh3 f3 55.Ke3 Rf8 56.b5 Ng5 57.b6 Nxh3
58.Bxf3 Ng5 59.Bg4 h3 60.Rc8 Rd8 61.Rxd8 Kxd8 62.b7 Kc7 63.b8=Q+ {#r} 1-0

[Event "VL1 1997/98"]
[Site "masterchessopen.com - NRW (Germany)"]
[Round "5"]
[White "Bachmann Rolf (GER)"]
[Black "Feldmann Hans (GER)"]
[Result "0-1"]
[WhiteElo "2040"]
[BlackElo "2076"]

1.d4 Nf6 2.c4 c5 3.d5 e6 4.Nc3 exd5 5.cxd5 d6 6.e4 g6 7.Nf3 Bg7 8.Be2 O-O
9.O-O a6 10.a4 Bg4 11.h3 Bxf3 12.Bxf3 Nbd7 13.Qc2 Rb8 14.Be2 Re8 15.f4 Qe7
16.Bf3 b5 17.axb5 axb5 18.Ra7 b4 19.Nd1 Qd8 20.b3 Qb6 21.Ra4 c4+ 22.Be3 cxb3
23.Qxb3 Nc5 24.Qc4 Rec8 25.Qe2 Qc7 26.Bxc5 Qxc5+ 27.Nf2 b3 28.Raa1 Nxd5
29.exd5 Bxa1 30.Rxa1 b2 31.Rb1 Qc1+ {#R} 0-1

[Event "It (open)"]
[Site "masterchessopen.com - Passau (Germany)"]
[Round "0"]
[White "Becker Robert (GER)"]
[Black "Leiber Bernard (GER)"]
[Result "1/2-1/2"]
[WhiteElo "2107"]
[BlackElo "2168"]

1.d4 Nf6 2.c4 e6 3.Nc3 c5 4.d5 exd5 5.cxd5 d6 6.e4 g6 7.Nf3 Bg7 8.Be2 O-O
9.O-O a6 10.a4 Bg4 11.Bg5 Nbd7 12.Nd2 Bxe2 13.Qxe2 Re8 14.f4 Qc7 15.Qf3 c4
16.Rae1 b5 17.e5 Qb6+ 18.Kh1 dxe5 19.Bxf6 e4 {#d} 1/2-1/2

[Event "Ch Europe (team)"]
[Site "masterchessopen.com - Pula (Croatia)"]
[Round "4"]
[White "Pelletier Yannick (SUI)"]
[Black "Mantovani Renzo (ITA)"]
[Result "1-0"]
[WhiteElo "2465"]
[BlackElo "2375"]

1.d4 Nf6 2.c4 c5 3.d5 g6 4.Nc3 Bg7 5.e4 O-O 6.Nf3 d6 7.Be2 a6 8.O-O e6 9.a4
exd5 10.cxd5 Bg4 11.Bf4 Re8 12.Nd2 Bxe2 13.Qxe2 Nh5 14.Be3 Nd7 15.a5 Bd4
16.Nc4 Qf6 17.Qd2 Bxe3 18.Qxe3 Ne5 19.Nxe5 Qxe5 20.Rad1 g5 21.f3 Nf4 22.Qd2
Re7 23.Na4 f5 24.Nb6 fxe4 25.fxe4 Rd8 26.Rfe1 Ng6 27.Nc4 Qf4 28.Qxf4 gxf4
29.b4 cxb4 30.Rb1 Ne5 31.Nxe5 Rxe5 32.Rxb4 Rde8 33.Kf2 R8e7 34.Re2 Rh5 35.h3
Rg5 36.Rc2 h5 37.Rbc4 Rgg7 38.Rc8+ Kf7 39.Kf3 Kg6 40.Rd8 Rd7 41.Rcc8 Kf6
42.Rxd7 Rxd7 43.Kxf4 Rg7 44.Re8 Rd7 45.Re6+ Kg7 46.Kg5 b5 47.axb6 a5 48.Re8
Rb7 49.Ra8 Rxb6 50.Ra7+ Kf8 51.Kf6 Rb8 52.Rxa5 Re8 53.g4 hxg4 54.hxg4 Kg8
55.g5 Rf8+ 56.Kg6 Re8 57.Ra7 Rd8 58.Rb7 Kh8 59.Kh6 Kg8 60.g6 Kh8 61.Rh7+ Kg8
62.g7 Kf7 63.Rh8 Rg8 64.Rxg8 Kxg8 65.e5 {#r} 1-0

[Event "It (open)"]
[Site "masterchessopen.com - Toulouse (France)"]
[Round "7"]
[White "Maruejols Claude (FRA)"]
[Black "Pichelin Pascal (FRA)"]
[Result "1-0"]
[WhiteElo "2034"]
[BlackElo "2025"]

1.d4 Nf6 2.c4 e6 3.Nc3 c5 4.d5 exd5 5.cxd5 d6 6.e4 g6 7.Nf3 Bg7 8.Be2 O-O
9.O-O a6 10.a4 Bg4 11.Bf4 Nh5 12.Be3 Nd7 13.Nd2 Bxe2 14.Qxe2 Rc8 15.a5 Re8
16.Nc4 Qe7 17.g4 Nhf6 18.Bg5 Qf8 19.f4 h5 20.h3 hxg4 21.hxg4 Nh7 22.Bh4 Bd4+
23.Kg2 Nhf6 24.e5 dxe5 25.fxe5 Bxe5 26.Qf3 Bd4 27.g5 Bxc3 28.gxf6 Ne5 29.Qxc3
Nxc4 30.Qxc4 Qh6 31.Qf4 Qh5 32.Qg5 Qe2+ 33.Rf2 Qe4+ 34.Kg1 Re5 35.Qh6 Qg4+
36.Kh2 {#r} 1-0

[Event "It (open)"]
[Site "masterchessopen.com - Villa Ballester (Argentina)"]
[Round "2"]
[White "Valerga Diego (ARG)"]
[Black "Frank Mario (ARG)"]
[Result "1-0"]
[WhiteElo "2480"]
[BlackElo "2201"]

1.d4 Nf6 2.c4 c5 3.d5 e6 4.Nc3 exd5 5.cxd5 d6 6.e4 g6 7.Nf3 Bg7 8.Be2 O-O
9.O-O a6 10.a4 Bg4 11.h3 Bxf3 12.Bxf3 Nbd7 13.Bf4 Qe7 14.a5 c4 15.Ra4 b5
16.axb6 Nxb6 17.Ra5 Ne8 18.Be3 Qb7 19.Bd4 f6 20.Qd2 Nc7 21.Be2 Rfe8 22.Rb1
Rac8 23.b3 Nca8 24.bxc4 Qc7 25.Rxa6 Nxc4 26.Bxc4 Qxc4 27.Rxd6 {#r} 1-0

[Event "It (cat.2)"]
[Site "masterchessopen.com - Budapest (Hungary)"]
[Round "5"]
[White "Eperjesi Laszlo Dr (HUN)"]
[Black "Brustkern Juergen (GER)"]
[Result "1-0"]
[WhiteElo "2305"]
[BlackElo "2255"]

1.d4 Nf6 2.c4 c5 3.d5 e6 4.Nc3 exd5 5.cxd5 d6 6.Nf3 g6 7.e4 Bg7 8.Be2 O-O
9.O-O a6 10.a4 Bg4 11.Bf4 Re8 12.Qc2 Qc7 13.Rfe1 Nbd7 14.Nd2 Bxe2 15.Rxe2 c4
16.a5 b5 17.axb6 Nxb6 18.Be3 Rec8 19.Nf3 Nfd7 20.Nd4 Ne5 21.h3 Nbd7 22.f4 Nd3
23.Nc6 N7c5 24.Nd1 Re8 25.e5 dxe5 26.fxe5 Bxe5 27.Qxc4 Bh2+ 28.Kh1 Ne4 29.Qxd3
Ng3+ 30.Kxh2 Nxe2+ 31.Kh1 Ng3+ 32.Kg1 Nf5 33.Bf2 Qb7 34.b4 Qb5 35.Qxb5 axb5
36.Rxa8 Rxa8 37.Nc3 Ra1+ 38.Kh2 Rc1 39.Nxb5 Rc4 40.Bc5 h5 41.Nbd4 {#r} 1-0

[Event "It (cat.7)"]
[Site "masterchessopen.com - Budapest (Hungary)"]
[Round "6"]
[White "Paschall William M (USA)"]
[Black "Stocek Jiri (CZE)"]
[Result "0-1"]
[WhiteElo "2365"]
[BlackElo "2470"]

1.d4 Nf6 2.c4 e6 3.Nf3 c5 4.d5 d6 5.Nc3 exd5 6.cxd5 g6 7.e4 a6 8.a4 Bg4 9.Be2
Bg7 10.O-O O-O 11.h3 Bxf3 12.Bxf3 Nbd7 13.Re1 Re8 14.Bf4 Qc7 15.a5 Rac8 16.Ra3
c4 17.Ra4 Ne5 18.Bxe5 Rxe5 19.Be2 Rce8 20.Bf3 Nd7 21.Qe2 Rc8 22.Qf1 Re7 23.Bg4
h5 24.Bxd7 Rxd7 25.Rc1 Re7 26.Nd1 Rxe4 27.Ne3 Qe7 28.Raxc4 Rcxc4 29.Rxc4 Bxb2
30.Rxe4 Qxe4 31.Qc4 Bd4 32.Qc8+ Kg7 33.Qxb7 Bxe3 34.fxe3 Qxe3+ 35.Kh2 Qe5+
36.Kg1 Qe1+ 37.Kh2 Qxa5 38.Qb2+ Kh7 39.Qb7 Kg7 40.Qb2+ f6 41.Qb7+ Kh6 42.Qc6
Qa3 43.Qc4 Qe3 {#R} 0-1

[Event "It (open)"]
[Site "masterchessopen.com - Chambery (France)"]
[Round "0"]
[White "Cocieru Mimai (FRA)"]
[Black "Olivier Jean-Christophe (FRA)"]
[Result "0-1"]
[WhiteElo "2011"]
[BlackElo "2370"]

1.d4 Nf6 2.c4 e6 3.Nc3 c5 4.d5 exd5 5.cxd5 d6 6.e4 g6 7.Nf3 Bg7 8.Be2 O-O
9.O-O a6 10.a4 Bg4 11.Nd2 Bxe2 12.Qxe2 Nbd7 13.Nc4 Nb6 14.Na3 Re8 15.a5 Nbxd5
16.Nxd5 Nxd5 17.Rd1 Nb4 18.Nc4 d5 19.e5 Qe7 20.Nb6 Bxe5 21.Qf3 Rad8 22.g3 Qf6
23.Qxf6 Bxf6 24.h4 Re2 25.Kf1 Rc2 26.Rb1 c4 27.Rd2 Rxd2 28.Bxd2 Nd3 29.Bc3 d4
{#R} 0-1